| 000 | 00846nam a2200205Ii 4500 | ||
|---|---|---|---|
| 003 | JO-AjNU | ||
| 008 | 230605s9999||||xx |||||||||||||| ||und|| | ||
| 040 |
_aJO-AjNU _bara _erda _cJO-AjNU |
||
| 041 | _aara | ||
| 050 | 1 | 4 | _aP90,B386 |
| 100 | 3 |
_aإبراهيم البطل، منى محمد تأليف, _eauthor _944782 |
|
| 245 | 0 | 0 | _aتكنولوجيا الإتصالات المعاصرة:الشخصية والإدارية ونظم المعلومات=Contemporary Communication Technology:Personalization,Managerial&Information Systems |
| 250 | _aط1 | ||
| 264 | 3 | 1 | _aد.م:د.ن,د.ت |
| 300 | _a236ص | ||
| 336 |
_atext _btxt _2rdacontent |
||
| 337 |
_aunmediated _bn _2rdamedia |
||
| 338 |
_avolume _bnc _2rdacarrier |
||
| 650 | 4 |
_aتكنولوجيا -تكنولوجيا الإتصالات المعاصرة-نظم المعلومات _944783 |
|
| 999 |
_aA19363 _c22931 _d22931 |
||